Normal view
MARC view
Entry Personal Name
001 - CONTROL NUMBER
- control field: 17291
003 - CONTROL NUMBER IDENTIFIER
- control field: OSt
005 - DATE AND TIME OF LATEST TRANSACTION
- control field: 20230215094652.0
008 - FIXED-LENGTH DATA ELEMENTS
- fixed length control field: 230215|| aca||aabn | a|a d
040 ## - CATALOGING SOURCE
- Original cataloging agency: OSt
- Transcribing agency: OSt
100 ## - HEADING--PERSONAL NAME
- Personal name: အောင်မင်္ဂလာဆရာတော်
670 ## - SOURCE DATA FOUND
- Source citation: Work cat.: (OSt): အောင်မင်္ဂလာဆရာတော်, ဝိပဿနာအောင်ဓမ္မဒေသနာကိုယ်တွေ့ဉာဏ်မြင်ဓာတ်ခြောက်ပါးအခြေခံသည့်တရားတော်များ(ဒုတိယတွဲ)\, ၁၉၇၇